Most expensive French footballers - Statistics

General Stats
  • This quiz has been taken 86 times
  • The average score is 7 of 10
Answer Stats
Year Buying club Player Price (Euro) % Correct
2018 PSG Kylian Mbappé €180 million
100%
2019 Barcelona Antoine Griezmann €120 million
91%
2017 Barcelona Ousmane Dembélé €145 million
87%
2016 Manchester United Paul Pogba €105 million
83%
2001 Real Madrid Zinedine Zidane €77.5 million
82%
2022 Real Madrid Aurélien Tchouaméni €80 million
74%
2019 Bayern Munich Lucas Hernandez €80 million
57%
2018 Atlético Madrid Thomas Lemar €65 million
44%
2022 Chelsea Wesley Fofana €80.6 million
43%
2019 Tottenham Hotspur Tanguy Ndombélé €60 million
32%
No matching quizzes found
Score Distribution
Percent of People with Each Score
Percentile by Number Answered
Your Score History
You have not taken this quiz